| 000 | 00986cam a22003015a 4500 | ||
|---|---|---|---|
| 001 | 016631451 | ||
| 003 | OSt | ||
| 005 | 20150519123111.0 | ||
| 008 | 140217s2014 nyua frbd 001 0 eng d | ||
| 020 | _a9780071326476 (paperback) | ||
| 040 |
_aUk _beng _cUk _dEG-ScBUE |
||
| 082 | 0 | 4 |
_222 _a302.201154 _bWES |
| 100 | 1 |
_aWest, Richard L. _938029 |
|
| 245 | 0 | 0 |
_aIntroducing communication theory : _banalysis and application / _cRichard West, Lynn H. Turner. |
| 250 | _a5th ed., McGraw-Hill international ed. | ||
| 260 |
_aNew York : _bMcGraw-Hill Education, _c2014. |
||
| 300 |
_a[Various pagings] : _bill. ; _c24 cm. |
||
| 500 | _aIncludes glossary. | ||
| 500 | _aIncludes indexes. | ||
| 504 | _aInduces bibliographical references. | ||
| 650 | 7 |
_2BUEsh _aInformation theory. _93495 |
|
| 650 | 7 |
_aCommunication. _913476 _2BUEsh |
|
| 651 | _2BUEsh | ||
| 653 |
_bCOMAME _cMay2015 |
||
| 655 |
_vreading book _934232 |
||
| 700 | 1 |
_aTurner, Lynn H. _938028 |
|
| 942 |
_2ddc _k302.201154 WES |
||
| 999 |
_c19371 _d19343 |
||